000 01512nam a2200253Ia 4500
999 _c37534
_d37534
001 3498
003 GE_BSU
005 20190619160002.0
008 181216s2009||||ge |||||||||||||| ||geo||
040 _cGE_BSU
041 _ageo
080 _a663.1(075.8) ბ–19
100 _aბაკურიძე, ა.
_92618
245 _aთანამედროვე ბიოტექნოლოგიის შესავალი =An Introduction To Modern biotechnology /
_cა. ბაკურიძე, ე. კვესიტაძე, დ. ღაღანიძე; რედაქტორები: შუქრი ჯაფარიძე, დალი ჭრიკიშვილი; საქართველოს მეცნიერებათა ეროვნული აკადემია
264 _aთბილისი:
_bშპს სტამბა "ქომი",
_c2009.
300 _a313 გვ. ;
_b30 სმ.
653 _aბიოტექნოლოგია
700 _aკვესიტაძე, ე.
_eავტორი.
_92619
700 _aღაღანიძე, დ.
_eავტორი.
_92620
700 _aჯაფარიძე, შუქრი,
_eრედაქტორი.
_92621
700 _aჭრიკიშვილი, დალი
_eრედაქტორი.
_92622
710 _aსაქართველოს მეცნიერებათა ეროვნული აკადემია.
_91136
942 _cBK
_2udc